000 00705nam a2200265Ia 4500
005 20260121161416.0
008 008 260114s9999 xx 000 0 eng d
020 _a9781003287810
037 _aEBOOK
040 _aCRL
040 _beng
040 _cCRL
041 _2eng
041 _aeng
084 _qCRL
100 _aArtificial Intelligence in Forensic Science
_91044330
245 0 _aKavita Saini; Swaroop S. Sonone; Mahipal Singh Sankhla; Naveen Kumar
260 _bTaylor and Francis
260 _c2024
650 _aForensic Science
_91044331
856 _uhttp://www.taylorfrancis.com/books/9781003287810
942 _cEBOOK
999 _c1610572
_d1610572